LDR 00823naa#a2200169#i#450# 001 RU\INFRA-M\bibl\123234 005 20260514085248.4 011 ## _a2500-0527 100 ## _a20260427b2026####ek#y0rusy0150####ca 102 ## _aRU 200 1# _aПроблемы пространственной неравномерности развития Российской Федерации _eЖурнальная статья 210 1# _aМосква _cОбщество с ограниченной ответственностью «Научно-издательский центр ИНФРА-М» _d2026 215 ## _a16 с. 608 ## _aЖурнальная статья _2local 675 ## _aРегиональная экономика. Территориальная экономика. 332.1 _z 700 #1 _aТебекин _gА. В. 856 4# _anaukaru.ru _u